[Event "Tournoi Skype 021B"]
[Site "Skype"]
[Date "????.??.??"]
[Round "3.1"]
[White "Chavero, Victor"]
[Black "Couto, Januario"]
[Result "1/2-1/2"]
[WhiteElo "1396"]
[BlackElo "1485"]
[PlyCount "58"]

1. d4 d5 2. Nf3 Nf6 3. e3 g6 4. Bd3 Bg7 5. b3 Nbd7 6. Bb2 a6 7. Nbd2 c5 8. O-O
O-O 9. Qe2 b5 10. Ne5 Nxe5 11. dxe5 Nd7 12. Nf3 Bb7 13. c4 e6 14. cxb5 axb5 15.
Bxb5 Qc7 16. Bxd7 Qxd7 17. Rfc1 Ba6 18. Qd2 Qc7 19. Bd4 c4 20. Qb4 Rfc8 21. Qd6
Qxd6 22. exd6 Bf8 23. Be5 Re8 24. bxc4 Bxc4 25. Nd2 Bb5 26. a4 Rxa4 27. Rxa4
Bxa4 28. Ra1 Bb5 29. Ra5 Be2 1/2-1/2

[Event "Tournoi Skype 021B"]
[Site "Skype"]
[Date "????.??.??"]
[Round "3.2"]
[White "Malbec, Robert"]
[Black "Levantini, Claudio"]
[Result "0-1"]
[WhiteElo "1449"]
[BlackElo "1384"]
[PlyCount "46"]

1. e4 e5 2. Nf3 Nf6 3. Nxe5 Qe7 4. Nf3 Nxe4 5. Be2 g6 6. O-O Bg7 7. Re1 O-O 8.
Bd3 d5 9. c3 Qd6 10. Bxe4 dxe4 11. Rxe4 Bf5 12. Re1 Nc6 13. Re2 Rae8 14. Qe1
Qd7 15. Rxe8 Rxe8 16. Qd1 Bd3 17. Qb3 Qf5 18. Na3 Qe4 19. h3 Ne5 20. Nxe5 Qe1+
21. Kh2 Bxe5+ 22. g3 Qxf2+ 23. Kh1 Be4# 0-1

[Event "Tournoi Skype 021B"]
[Site "Skype"]
[Date "????.??.??"]
[Round "3.3"]
[White "K, Muthuraman"]
[Black "Kruzeniski, Randy"]
[Result "1-0"]
[WhiteElo "1379"]
[BlackElo "1435"]
[PlyCount "71"]

1. b3 d5 2. Bb2 e6 3. Nf3 Nf6 4. c4 c6 5. g3 Be7 6. Bg2 Nbd7 7. d3 b6 8. O-O
O-O 9. cxd5 exd5 10. Nbd2 Bb7 11. e4 dxe4 12. dxe4 Rb8 13. e5 Nd5 14. Ne4 Ba6
15. Re1 Bb4 16. Nfd2 Nc5 17. Nxc5 Bxc5 18. a3 Qc7 19. b4 Be7 20. Rc1 Rbd8 21.
Qg4 Bc8 22. Qc4 Bb7 23. Bxd5 b5 24. Qb3 Rxd5 25. Qxd5 Rd8 26. Qb3 Rxd2 27. e6
f6 28. Rcd1 Qd6 29. Rxd2 Qxd2 30. Rd1 Qe2 31. Rd7 Qe1+ 32. Kg2 Qe4+ 33. Qf3
Qxe6 34. Rxb7 a6 35. Rb8+ Kf7 36. Qh5+ 1-0

[Event "Tournoi Skype 021B"]
[Site "Skype"]
[Date "????.??.??"]
[Round "3.4"]
[White "Marino, Giuseppe"]
[Black "Galani, Mahendra"]
[Result "0-1"]
[WhiteElo "1358"]
[BlackElo "1433"]
[PlyCount "146"]

1. d4 d5 2. Nf3 Nf6 3. e3 e6 4. Bd3 Bb4+ 5. c3 Bd6 6. Nbd2 Nbd7 7. e4 dxe4 8.
Nxe4 Nxe4 9. Bxe4 c6 10. O-O h6 11. Re1 Nf6 12. Bd3 Nd5 13. Bd2 Qb6 14. Rb1 Nf4
15. Bxf4 Bxf4 16. Nh4 O-O 17. Qe2 Qc7 18. g3 Bg5 19. Nf3 Bf6 20. Qe4 g6 21. Qe3
Kg7 22. Ne5 Bxe5 23. Qxe5+ Qxe5 24. dxe5 Rd8 25. Re3 b6 26. Be4 Bb7 27. Rd3 a5
28. Rbd1 Rxd3 29. Rxd3 Rc8 30. Rd6 b5 31. f4 Rc7 32. Kg2 b4 33. cxb4 axb4 34.
Kf3 c5 35. Bxb7 Rxb7 36. Rc6 Rb5 37. b3 Ra5 38. h4 Kf8 39. g4 Ke7 40. Rc7+ Kf8
41. Ke4 Rxa2 42. Rxc5 Re2+ 43. Kf3 Rh2 44. Rb5 Rh3+ 45. Ke4 Rxb3 46. Kd4 Rh3
47. Rxb4 Rxh4 48. Rb3 Rxg4 49. Ke4 g5 50. Kf3 Rxf4+ 51. Kg3 h5 52. Kh3 Re4 53.
Rg3 Rxe5 54. Rg2 Re3+ 55. Kh2 g4 56. Kg1 Re1+ 57. Kf2 Ra1 58. Kg3 Ra3+ 59. Kh4
Rh3+ 60. Kg5 g3 61. Kf4 h4 62. Kf3 f5 63. Re2 Kf7 64. Rg2 Kf6 65. Re2 e5 66.
Rd2 e4+ 67. Kf4 Rh1 68. Rd6+ Ke7 69. Rh6 Rf1+ 70. Ke5 g2 71. Rh7+ Kf8 72. Rxh4
g1=Q 73. Rh8+ Kg7 0-1

[Event "Tournoi Skype 021B"]
[Site "Skype"]
[Date "????.??.??"]
[Round "3.5"]
[White "Aceituno, Stebe"]
[Black "Ramirez Reina, Orlando"]
[Result "1-0"]
[WhiteElo "1419"]
[BlackElo "1320"]
[PlyCount "57"]

1. e4 e5 2. Nf3 Nf6 3. d3 Nc6 4. Nc3 Bb4 5. Be2 O-O 6. a3 Bxc3+ 7. bxc3 d6 8.
d4 Qe7 9. Bg5 h6 10. Bh4 g5 11. dxe5 dxe5 12. Bg3 Rd8 13. Bd3 Re8 14. O-O g4
15. Nh4 Kg7 16. Nf5+ Bxf5 17. exf5 h5 18. Re1 Qc5 19. Qd2 Rad8 20. Qg5+ Kf8 21.
Qxf6 Rd6 22. Qg5 Qxc3 23. f6 Rxf6 24. Qxf6 Re6 25. Qh8+ Ke7 26. Bh4+ f6 27.
Qh7+ Kd6 28. Rad1 Nd4 29. Bf5 1-0

[Event "Tournoi Skype 021B"]
[Site "Skype"]
[Date "????.??.??"]
[Round "3.6"]
[White "Vello, Pablo"]
[Black "Martin, Jean-Claude"]
[Result "1-0"]
[WhiteElo "1349"]
[BlackElo "1402"]
[PlyCount "67"]

1. d4 e5 2. dxe5 Nc6 3. Nf3 Qe7 4. Nc3 Nxe5 5. Nxe5 Qxe5 6. Qd5 Qxd5 7. Nxd5
Bd6 8. e4 c6 9. Bf4 Bxf4 10. Nxf4 d6 11. Rd1 Nf6 12. f3 Ke7 13. Bc4 b5 14. Bb3
Rd8 15. Kf2 g5 16. Nd3 Be6 17. Bxe6 Kxe6 18. Nb4 Rac8 19. Rhe1 Nd7 20. c3 f6
21. Nc2 Ne5 22. Nd4+ Kf7 23. Re2 a6 24. Nf5 h5 25. Nxd6+ Kg6 26. Nxc8 Rxd1 27.
Ne7+ Kf7 28. Nf5 Nd3+ 29. Ke3 Nf4 30. Rc2 Rd3+ 31. Kf2 h4 32. Nd4 h3 33. g3 Nd5
34. exd5 1-0

[Event "Tournoi Skype 021B"]
[Site "Skype"]
[Date "????.??.??"]
[Round "3.7"]
[White "Calcino, Luis"]
[Black "Rangasamy, Jayaprakash"]
[Result "1-0"]
[WhiteElo "1400"]
[BlackElo "1000"]
[PlyCount "101"]

1. e4 e5 2. Nf3 Nc6 3. d4 exd4 4. Nxd4 Nxd4 5. Qxd4 d6 6. Be3 Be7 7. Nc3 Nf6 8.
O-O-O c6 9. f3 Be6 10. Bf4 Qa5 11. Kb1 Rd8 12. Bc4 d5 13. exd5 cxd5 14. Bb3 a6
15. Qa4+ Qxa4 16. Nxa4 b5 17. Nc3 O-O 18. Bg5 h6 19. Bxf6 Bxf6 20. Nxd5 Bxd5
21. Rxd5 Rxd5 22. Bxd5 Rd8 23. Rd1 a5 24. c3 Kf8 25. Kc2 g5 26. b3 h5 27. c4
bxc4 28. Bxc4 Rxd1 29. Kxd1 Bb2 30. Ke2 f5 31. Kd3 Ke7 32. Bg8 Kd6 33. Bh7 f4
34. Ke4 Ke6 35. h4 gxh4 36. Kxf4 Ba3 37. Kg5 Be7+ 38. Kxh5 Kd5 39. a3 Bxa3 40.
Kxh4 Kc5 41. Kg5 Kb4 42. Bg8 a4 43. bxa4 Kxa4 44. Kf6 Kb5 45. g4 Kc6 46. Be6
Bd6 47. g5 Bb4 48. f4 Bc5 49. f5 Bb4 50. g6 Bc5 51. Kf7 1-0

[Event "Tournoi Skype 021B"]
[Site "Skype"]
[Date "????.??.??"]
[Round "3.8"]
[White "Bucherie, Volcy"]
[Black "Maccaferri, Massimo"]
[Result "0-1"]
[WhiteElo "1191"]
[BlackElo "1397"]
[PlyCount "40"]

1. d4 d5 2. c4 dxc4 3. e4 c6 4. Nf3 Nf6 5. Nc3 Bg4 6. Bxc4 e6 7. O-O Bb4 8. Bd2
Bxc3 9. Bxc3 Nxe4 10. Bb4 Qb6 11. Qa4 Bxf3 12. gxf3 Ng5 13. d5 Nxf3+ 14. Kg2
Nh4+ 15. Kg3 Nf5+ 16. Kg4 Qd4+ 17. Kf3 Nh4+ 18. Kg3 g5 19. dxe6 Qf4+ 20. Kh3
Qf3# 0-1

[Event "Tournoi Skype 021B"]
[Site "Skype"]
[Date "????.??.??"]
[Round "3.9"]
[White "Junqueira, Leonardo De Faria"]
[Black "Khatanhar, Mohit"]
[Result "1/2-1/2"]
[WhiteElo "1453"]
[BlackElo "1343"]
[PlyCount "35"]

1. e4 e5 2. d4 exd4 3. c3 dxc3 4. Bc4 Be7 5. Nxc3 d6 6. Nf3 h6 7. O-O Bd7 8. e5
Nc6 9. Re1 dxe5 10. Nxe5 Nxe5 11. Rxe5 Nf6 12. Qe1 c6 13. Bf4 Rc8 14. Rd1 Ng4
15. Re2 Nf6 16. Bd6 Ng8 17. Rd3 Kf8 18. Ne4 1/2-1/2

[Event "Tournoi Skype 021B"]
[Site "Skype"]
[Date "????.??.??"]
[Round "3.10"]
[White "Cayo, Ana Carolina"]
[Black "De Nobrega, George"]
[Result "1-0"]
[WhiteElo "1000"]
[BlackElo "1420"]
[PlyCount "81"]

1. d4 Nf6 2. Nf3 d5 3. Bf4 Nc6 4. h3 Bf5 5. c3 e6 6. e3 Bd6 7. Bxd6 Qxd6 8. Bd3
Bxd3 9. Qxd3 e5 10. dxe5 Nxe5 11. Nxe5 Qxe5 12. Qb5+ Nd7 13. Qxb7 O-O 14. Qa6
Rfb8 15. Qe2 Rb6 16. O-O Rg6 17. Nd2 Qf5 18. Qf3 Qd3 19. Nb3 Rc8 20. Rfd1 Ne5
21. Qxd5 Qxd5 22. Rxd5 Rg5 23. Kf1 Rh5 24. Rad1 g6 25. Ke2 Nc4 26. Rd8+ Rxd8
27. Rxd8+ Kg7 28. Rb8 Nxb2 29. Rb7 c5 30. Rxa7 c4 31. Nd2 Rc5 32. Ne4 Rc8 33.
Nd6 Rc6 34. Nxf7 Kg8 35. Nh6+ Kh8 36. f4 Re6 37. g4 Rf6 38. g5 Rf8 39. e4 Rxf4
40. Ra8+ Kg7 41. Rg8# 1-0

[Event "Tournoi Skype 021B"]
[Site "Skype"]
[Date "????.??.??"]
[Round "3.11"]
[White "Yanez, Leticia Jorgelina"]
[Black "Munoz Gonzalez, Martin"]
[Result "1-0"]
[WhiteElo "1300"]
[BlackElo "1451"]
[PlyCount "31"]

1. e4 g6 2. Nf3 Bg7 3. d4 d6 4. Bc4 Nf6 5. Nc3 O-O 6. Nd5 Nxe4 7. Qd3 Nf6 8.
Bg5 Bf5 9. Qe3 Re8 10. O-O Nxd5 11. Bxd5 c6 12. Bc4 Bxc2 13. Bh6 Nd7 14. Bxf7+
Kxf7 15. Ng5+ Kg8 16. Qe6+ 1-0

[Event "Tournoi Skype 021B"]
[Site "Skype"]
[Date "????.??.??"]
[Round "3.12"]
[White "Gerbaux, Regis"]
[Black "Amato, Ludovica"]
[Result "1-0"]
[WhiteElo "1462"]
[BlackElo "1261"]
[PlyCount "49"]

1. e4 e5 2. Nf3 Nc6 3. d4 exd4 4. Nxd4 d6 5. Nxc6 bxc6 6. Bc4 Be7 7. Qf3 Nf6 8.
O-O O-O 9. Nc3 Bg4 10. Qg3 Qd7 11. Bg5 Nxe4 12. Nxe4 d5 13. Bxe7 Qxe7 14. Qxg4
dxc4 15. Rfe1 f5 16. Nf6+ Qxf6 17. Qxc4+ Kh8 18. Re3 Qxb2 19. Rae1 Rad8 20.
Qxc6 Qxa2 21. Qxc7 Rc8 22. Qe7 Qxc2 23. Qxa7 Qc1 24. h3 Qd2 25. Qf7 1-0

[Event "Tournoi Skype 021B"]
[Site "Skype"]
[Date "????.??.??"]
[Round "3.13"]
[White "Hernandez Lopez, Joaquin"]
[Black "Meaney, Mike"]
[Result "1-0"]
[WhiteElo "1263"]
[BlackElo "1413"]
[PlyCount "45"]

1. e4 e5 2. Nf3 Nc6 3. Bc4 Qe7 4. d3 h6 5. Be3 d6 6. h3 Nf6 7. Nbd2 a6 8. a4
Qd8 9. c3 d5 10. Bb3 dxe4 11. Nxe4 Nxe4 12. dxe4 Qxd1+ 13. Rxd1 Be7 14. O-O O-O
15. Bd5 Re8 16. Bxc6 bxc6 17. Nxe5 Rd8 18. Nxc6 Rxd1 19. Rxd1 Bb7 20. Nxe7+ Kh8
21. Rd4 Re8 22. Rd7 Rxe7 23. Rxe7 1-0

[Event "Tournoi Skype 021B"]
[Site "Skype"]
[Date "????.??.??"]
[Round "3.14"]
[White "Douichi, Mohammed"]
[Black "Vervoort, Jean-Louis"]
[Result "0-1"]
[WhiteElo "1255"]
[BlackElo "1395"]
[PlyCount "106"]

1. e4 e5 2. c4 c5 3. Nf3 Nc6 4. d3 d6 5. Be2 Bg4 6. O-O Bxf3 7. Bxf3 Be7 8. Nd2
Nf6 9. g3 O-O 10. h3 Qd7 11. Bg2 Nd4 12. a3 Rab8 13. a4 a6 14. Kh2 b5 15. a5 b4
16. b3 h6 17. Rh1 Kh7 18. Kg1 g5 19. f3 Rg8 20. g4 Rg6 21. Nf1 Rbg8 22. Ne3
R8g7 23. Nf5 Rg8 24. Nxe7 Qxe7 25. Be3 h5 26. gxh5 Nxh5 27. Kf2 R8g7 28. Qd2 f6
29. Rh2 Kg8 30. Rah1 Kf7 31. Qe1 f5 32. exf5 Nxf5 33. Rg1 Nfg3 34. Bc1 Qf6 35.
Ke3 Qf4+ 36. Kf2 Qh4 37. Bd2 Qd4+ 38. Qe3 Qh4 39. Qe1 Nh1+ 40. Ke2 N5g3+ 41.
Kd1 Qd4 42. Bxh1 Qa1+ 43. Bc1 Qd4 44. Qxg3 Qxd3+ 45. Rd2 Qxb3+ 46. Ke2 Qxc4+
47. Rd3 Qc2+ 48. Bd2 c4 49. Rxd6 Rxd6 50. Qxe5 Qxd2+ 51. Kf1 Qd1+ 52. Kg2 Rd2+
53. Kg3 Qxg1+ 0-1

[Event "Tournoi Skype 021B"]
[Site "Skype"]
[Date "????.??.??"]
[Round "3.15"]
[White "Sanchez Padilla, Armando Edilber"]
[Black "Milanese, Serge"]
[Result "0-1"]
[WhiteElo "1240"]
[BlackElo "1377"]
[PlyCount "104"]

1. e4 e5 2. Nf3 Nc6 3. Bb5 Nf6 4. d3 a6 5. Ba4 b5 6. Bb3 Be7 7. O-O d6 8. h3
Be6 9. Bxe6 fxe6 10. Ng5 Qd7 11. c3 h6 12. Nf3 d5 13. Nbd2 Bd6 14. a3 Ne7 15.
Nh4 c5 16. Re1 g5 17. Nhf3 Ng6 18. g3 h5 19. Nxg5 h4 20. Rf1 Nf4 21. gxf4 exf4
22. Ndf3 e5 23. Qe2 d4 24. cxd4 cxd4 25. b4 Rg8 26. Kh2 Nh7 27. Nxh7 Qxh7 28.
Rg1 Rxg1 29. Nxg1 Kf7 30. Qg4 Be7 31. Qf5+ Qxf5 32. exf5 Kf6 33. Nf3 Kxf5 34.
Nxh4+ Bxh4 35. f3 Rg8 36. Bd2 Bg3+ 37. Kh1 Bf2 38. Rf1 Bh4 39. Be1 Bxe1 40.
Rxe1 Rg3 41. Kh2 Rxf3 42. Rd1 Re3 43. Rg1 Re2+ 44. Rg2 Rxg2+ 45. Kxg2 e4 46.
dxe4+ Kxe4 47. Kf2 f3 48. Kg3 Ke3 49. h4 f2 50. h5 f1=Q 51. Kg4 Qf4+ 52. Kh3
Kf3 0-1

[Event "Tournoi Skype 021B"]
[Site "Skype"]
[Date "????.??.??"]
[Round "3.16"]
[White "Briere, Jean"]
[Black "Ram, Madhukesh"]
[Result "1/2-1/2"]
[WhiteElo "1370"]
[BlackElo "1237"]
[PlyCount "111"]

1. e4 e5 2. Nf3 Nc6 3. Bc4 Bc5 4. d3 Nf6 5. O-O d5 6. exd5 Nxd5 7. Re1 f6 8. d4
Be7 9. dxe5 Be6 10. Bxd5 Bxd5 11. Nc3 Bf7 12. exf6 gxf6 13. Bh6 Qxd1 14. Raxd1
Rd8 15. Nh4 Rxd1 16. Nxd1 Bg6 17. Bg7 Rg8 18. Bxf6 Bxc2 19. Bxe7 Nxe7 20. Nc3
Rg4 21. Nf3 Kf8 22. Ne5 Rb4 23. b3 c6 24. Nd7+ Kf7 25. Nd5 cxd5 26. Ne5+ Kg8
27. Nf3 Re4 28. Rxe4 Bxe4 29. Nd2 Nc6 30. Nxe4 dxe4 31. Kf1 Kf7 32. Ke2 Kf6 33.
Ke3 Ke5 34. f4+ Kf5 35. h3 Nb4 36. g4+ Kf6 37. a4 Nd3 38. h4 Nc5 39. b4 Nxa4
40. Kxe4 Nc3+ 41. Kd4 Ne2+ 42. Ke3 Nxf4 43. Kxf4 b6 44. g5+ Kg7 45. Ke4 a5 46.
Kd4 axb4 47. Kc4 Kg6 48. Kxb4 Kh5 49. Kb5 Kxh4 50. Kxb6 Kxg5 51. Kc5 h5 52. Kd4
h4 53. Ke3 h3 54. Kf2 Kg4 55. Kg1 Kg3 56. Kh1 1/2-1/2

[Event "Tournoi Skype 021B"]
[Site "Skype"]
[Date "????.??.??"]
[Round "3.17"]
[White "Lemoine, Gerard"]
[Black "Cengiz, Ali Ekber"]
[Result "1-0"]
[WhiteElo "1330"]
[BlackElo "1213"]
[PlyCount "73"]

1. d4 d5 2. Nc3 Bf5 3. Bf4 c6 4. f3 e6 5. Qd2 Nf6 6. g4 Bg6 7. g5 Nh5 8. Nh3
Be7 9. Rg1 Nd7 10. e4 Nb6 11. Bd3 O-O 12. e5 Bxd3 13. cxd3 Qd7 14. Ne2 a5 15.
O-O-O Bb4 16. Qc2 c5 17. Kb1 cxd4 18. Nxd4 Rac8 19. Qe2 Na4 20. Rc1 Bc5 21. Be3
b5 22. f4 g6 23. Nb3 Ba3 24. bxa3 b4 25. Bd4 Nc3+ 26. Bxc3 bxc3 27. d4 a4 28.
Nc5 Rb8+ 29. Ka1 Qc8 30. Rxc3 Rb6 31. Rgc1 Ng7 32. Nxa4 Rc6 33. Rxc6 Qd7 34.
Nb6 Qe7 35. Rc8 Nf5 36. Rxf8+ Qxf8 37. Rc8 1-0

[Event "Tournoi Skype 021B"]
[Site "Skype"]
[Date "????.??.??"]
[Round "3.18"]
[White "Bustos, Ricardo"]
[Black "Moumtaz, Abderrahim"]
[Result "1-0"]
[WhiteElo "1319"]
[BlackElo "1191"]
[PlyCount "81"]

1. d4 d5 2. Nf3 e6 3. c4 Nf6 4. Nc3 Be7 5. Bf4 c6 6. a3 O-O 7. e3 Re8 8. Be2
Nbd7 9. O-O Ne4 10. Qc2 Ndf6 11. Ng5 Nxg5 12. Bxg5 Bd6 13. c5 Bc7 14. Bd3 h6
15. Bh4 e5 16. dxe5 Rxe5 17. b4 a6 18. e4 Rh5 19. Bg3 Bxg3 20. fxg3 Be6 21.
exd5 cxd5 22. h3 Bxh3 23. gxh3 Rxh3 24. Qf2 Qc7 25. Ne2 Ng4 26. Qf5 Qc8 27.
Qxc8+ Rxc8 28. Bf5 Re8 29. Bxg4 Rxe2 30. Bxe2 Rxg3+ 31. Kh2 Rg5 32. Rg1 Re5 33.
Rae1 d4 34. Bxa6 Rxe1 35. Rxe1 bxa6 36. Rd1 g5 37. Rxd4 h5 38. c6 g4 39. Rxg4+
hxg4 40. c7 Kg7 41. c8=Q 1-0

[Event "Tournoi Skype 021B"]
[Site "Skype"]
[Date "????.??.??"]
[Round "3.19"]
[White "Homme, Jim"]
[Black "Bhandari, Dattatrey"]
[Result "0-1"]
[WhiteElo "1238"]
[BlackElo "1316"]
[PlyCount "22"]

1. d4 d5 2. f4 Bf5 3. Nf3 Nc6 4. e3 e6 5. Nc3 Bb4 6. Bd2 Bxc3 7. Bxc3 Nf6 8.
Be2 a6 9. g4 Nxg4 10. h3 Nxe3 11. Qd2 Nxc2+ 0-1

[Event "Tournoi Skype 021B"]
[Site "Skype"]
[Date "????.??.??"]
[Round "3.20"]
[White "Bouffard, Georges"]
[Black "Bacha, Mehdi"]
[Result "1-0"]
[WhiteElo "1314"]
[BlackElo "1177"]
[PlyCount "23"]

1. d4 d5 2. e3 f5 3. Bd3 e6 4. c3 c6 5. Ne2 Bd6 6. Nf4 Nf6 7. f3 O-O 8. Nd2
Nbd7 9. Nb3 b5 10. O-O Bb7 11. Nxe6 Re8 12. Nxd8 1-0

[Event "Tournoi Skype 021B"]
[Site "Skype"]
[Date "????.??.??"]
[Round "3.21"]
[White "Borg, Anthony"]
[Black "Guillaume, Mickael"]
[Result "1-0"]
[WhiteElo "1222"]
[BlackElo "1295"]
[PlyCount "51"]

1. d4 d5 2. e3 Nf6 3. Nd2 e6 4. c4 Bb4 5. cxd5 exd5 6. a3 Bxd2+ 7. Bxd2 a6 8.
Nf3 Nc6 9. Bd3 O-O 10. h4 Re8 11. h5 Bg4 12. h6 g6 13. Qe2 Qd7 14. O-O-O Bf5
15. Bxf5 Qxf5 16. Rh4 Na5 17. Bxa5 b6 18. Bd2 Re6 19. Rf4 Rc6+ 20. Bc3 Qe6 21.
Ng5 Qd6 22. Qf3 Rf8 23. Kb1 Qe7 24. Bb4 Qe8 25. Rxf6 Qe4+ 26. Nxe4 1-0

[Event "Tournoi Skype 021B"]
[Site "Skype"]
[Date "????.??.??"]
[Round "3.22"]
[White "Ruiz Gomez, Luz Alba"]
[Black "Alverson, Ginny"]
[Result "0-1"]
[WhiteElo "1292"]
[BlackElo "1086"]
[PlyCount "118"]

1. d4 Nf6 2. Nf3 d5 3. Bf4 e6 4. e3 Nbd7 5. c3 Be7 6. Bd3 c5 7. Nbd2 c4 8. Be2
O-O 9. O-O Ne4 10. Qc2 Ndf6 11. Ne5 Bd6 12. Bf3 Bxe5 13. dxe5 Nd7 14. Bxe4 dxe4
15. Nxe4 f5 16. Nc5 Nxc5 17. Rad1 Qh4 18. Qe2 Ne4 19. Bg3 Nxg3 20. fxg3 Qe4 21.
Rd2 Qxe5 22. Rfd1 Qf6 23. Qxc4 Kh8 24. Qh4 Qxh4 25. gxh4 h5 26. Rf1 e5 27. e4
f4 28. Rd5 Be6 29. Rxe5 Bc4 30. Rxh5+ Kg8 31. Re1 Rad8 32. e5 Bf7 33. Rg5 Be6
34. Rg6 Bf5 35. Rg5 Be6 36. a4 Rf5 37. Rxf5 Bxf5 38. e6 Re8 39. e7 Be6 40. Rxe6
Kf7 41. b4 Kxe6 42. c4 Rxe7 43. b5 Rc7 44. a5 Rxc4 45. h5 Rc1+ 46. Kf2 Rc2+ 47.
Kf3 Kf5 48. h4 Rc3+ 49. Ke2 Re3+ 50. Kd2 Rg3 51. Ke2 Rxg2+ 52. Kf3 Rg3+ 53. Kf2
Kg4 54. h6 gxh6 55. h5 Kxh5 56. Ke2 f3+ 57. Kf2 Kg4 58. Ke3 h5 59. Ke4 f2 0-1

[Event "Tournoi Skype 021B"]
[Site "Skype"]
[Date "????.??.??"]
[Round "3.23"]
[White "Erten, Ozlem"]
[Black "Battaglia, Gabriele"]
[Result "0-1"]
[WhiteElo "1188"]
[BlackElo "1284"]
[PlyCount "50"]

1. e4 c5 2. Nf3 d6 3. d4 cxd4 4. Nxd4 Nf6 5. Nc3 a6 6. Bc4 e6 7. O-O b5 8. Bb3
Be7 9. Re1 O-O 10. h3 Bb7 11. Bg5 d5 12. exd5 exd5 13. Nf5 Qb6 14. Nxe7+ Kh8
15. Bxf6 Qxf6 16. Nexd5 Qc6 17. Qg4 Nd7 18. Ne7 Nf6 19. Nxc6 Nxg4 20. Ne7 Nf6
21. Rad1 Rad8 22. Rxd8 Rxd8 23. Bxf7 Rf8 24. Nf5 Rxf7 25. Re8+ Nxe8 0-1

[Event "Tournoi Skype 021B"]
[Site "Skype"]
[Date "????.??.??"]
[Round "3.25"]
[White "Yilmazer, Seher"]
[Black "Gieschen, Mike"]
[Result "1-0"]
[WhiteElo "1054"]
[BlackElo "1277"]
[PlyCount "51"]

1. e4 e5 2. Bc4 d6 3. Nf3 h6 4. d4 Nd7 5. Be3 Ngf6 6. Qd3 Be7 7. Nc3 O-O 8.
O-O-O a6 9. h3 b5 10. Bb3 c5 11. dxe5 dxe5 12. g4 g5 13. h4 Nxg4 14. hxg5 Bxg5
15. Bxg5 hxg5 16. Qf1 Qf6 17. Qh3 Nh6 18. Qh5 Kg7 19. Nxg5 c4 20. Nd5 Qg6 21.
Qh4 cxb3 22. Rdg1 Nf6 23. Ne7 Qh5 24. Ne6+ Kh8 25. Qxf6+ Kh7 26. Rxh5 1-0

[Event "Tournoi Skype 021B"]
[Site "Skype"]
[Date "????.??.??"]
[Round "3.26"]
[White "Navghane, Rahul"]
[Black "Vincent, Andre"]
[Result "1-0"]
[WhiteElo "1000"]
[BlackElo "1274"]
[PlyCount "99"]

1. e4 e5 2. Nf3 Nc6 3. Bb5 Bd6 4. Bxc6 dxc6 5. O-O Ne7 6. b3 O-O 7. d3 h6 8.
Bb2 Ng6 9. Nbd2 Bb4 10. Nxe5 Nxe5 11. Bxe5 f6 12. Bb2 Be6 13. Nf3 Bd6 14. Nd4
Qd7 15. Nxe6 Qxe6 16. Re1 Rae8 17. Re3 Qf7 18. c4 b6 19. Rf3 Qg6 20. Rf5 c5 21.
Qh5 Qxh5 22. Rxh5 Kh7 23. Rf5 Be5 24. Bxe5 Rxe5 25. Rxe5 fxe5 26. h4 h5 27. Kf1
Kh6 28. a4 a5 29. Ke2 Rf4 30. g3 Rg4 31. Rg1 Rg6 32. Ke3 Rf6 33. f4 exf4+ 34.
gxf4 g6 35. e5 Re6 36. Rg5 c6 37. Kf3 Re7 38. Ke3 Re6 39. Kf3 Re7 40. Ke4 Re6
41. f5 Re7 42. Rxg6+ Kh7 43. Rxc6 Rg7 44. e6 Rg4+ 45. Ke5 Rg3 46. Rc7+ Rg7 47.
Kd6 Rxc7 48. Kxc7 Kg7 49. e7 Kf7 50. Kd7 1-0

[Event "Tournoi Skype 021B"]
[Site "Skype"]
[Date "????.??.??"]
[Round "3.27"]
[White "Schnell, Nicolas"]
[Black "Porcabeuf, Jean-Marc"]
[Result "0-1"]
[WhiteElo "1000"]
[BlackElo "1270"]
[PlyCount "72"]

1. Nc3 Nf6 2. e3 d5 3. b3 e5 4. Nb5 c6 5. Nc3 Bf5 6. d3 Bb4 7. Nge2 d4 8. e4
Bg4 9. a3 Bxc3+ 10. Bd2 Bxa1 11. Qxa1 O-O 12. f3 Bh5 13. Rg1 c5 14. Ng3 Bg6 15.
Qc1 Nc6 16. c3 h6 17. c4 Nh7 18. b4 cxb4 19. axb4 f5 20. c5 fxe4 21. b5 Ne7 22.
Qc4+ Kh8 23. Nxe4 Ng8 24. g4 Bxe4 25. fxe4 Qh4+ 26. Kd1 Qf2 27. Rg3 Qxh2 28.
Bf4 Rxf4 29. Rg1 Raf8 30. g5 Qxg1 31. Ke1 Nxg5 32. Kd2 Rf2+ 33. Be2 Rxe2+ 34.
Kxe2 Qf2+ 35. Kd1 Qg2 36. Qc2 Rf1# 0-1

[Event "Tournoi Skype 021B"]
[Site "Skype"]
[Date "????.??.??"]
[Round "3.29"]
[White "Le Bouill, Pierre"]
[Black "Hargez, Dany"]
[Result "1-0"]
[WhiteElo "1000"]
[BlackElo "1460"]
[PlyCount "83"]

1. d4 d5 2. c4 Bf5 3. Nc3 e6 4. g3 Bb4 5. Bd2 Nf6 6. Nf3 Nc6 7. Bg2 Ne4 8. Nxe4
dxe4 9. Ne5 Bxd2+ 10. Qxd2 Nxd4 11. Rd1 c5 12. b4 Qb6 13. bxc5 Qxc5 14. Qxd4
Qa5+ 15. Qd2 Qxe5 16. Qd7+ Kf8 17. Qxb7 Rb8 18. Qd7 Qc3+ 19. Qd2 Qxc4 20. Qd6+
Ke8 21. Qxb8+ Ke7 22. Qxa7+ Kf6 23. Qd4+ Qxd4 24. Rxd4 Ke5 25. e3 Rb8 26. f4+
exf3 27. Bxf3 Rb1+ 28. Rd1 Rb2 29. Rd2 Bc2 30. Rd5+ Kf6 31. Kd2 Bb3+ 32. Kc3
Bxd5 33. Kxb2 Bxf3 34. Rf1 Ke5 35. Rxf3 f5 36. Kc3 Ke4 37. Rf1 g5 38. a4 Kd5
39. a5 Kc5 40. Rb1 f4 41. exf4 gxf4 42. gxf4 1-0

[Event "Tournoi Skype 021B"]
[Site "Skype"]
[Date "????.??.??"]
[Round "3.30"]
[White "Escudero Ocana, Francisco"]
[Black "Farfallini, Michel"]
[Result "1-0"]
[WhiteElo "1385"]
[BlackElo "1305"]
[PlyCount "49"]

1. e4 e5 2. Nf3 Nc6 3. c3 Nf6 4. Bb5 Nxe4 5. Bxc6 dxc6 6. Nxe5 Qf6 7. Nf3 Bc5
8. d4 Bb6 9. O-O Bg4 10. Nbd2 Nxd2 11. Re1+ Be6 12. Bxd2 h6 13. Re4 O-O-O 14.
Rf4 Qe7 15. Be3 g5 16. Re4 f5 17. Re5 Rd5 18. Rxd5 Bxd5 19. Ne5 Qe8 20. f4 gxf4
21. Bxf4 c5 22. dxc5 Bxc5+ 23. Kh1 Rg8 24. Qxd5 Qe7 25. Qxg8+ 1-0

[Event "Tournoi Skype 021B"]
[Site "Skype"]
[Date "????.??.??"]
[Round "3.33"]
[White "Baker, Abi"]
[Black "Lawton, Tony"]
[Result "1-0"]
[WhiteElo "1155"]
[BlackElo "1000"]
[PlyCount "87"]

1. c4 e5 2. Nc3 b6 3. e4 Bb7 4. d3 Nf6 5. Be3 Bc5 6. Bxc5 bxc5 7. Nge2 c6 8.
Qb3 Qb6 9. Nd5 cxd5 10. cxd5 d6 11. Nc3 Na6 12. Be2 Bc8 13. O-O Nc7 14. f4 c4+
15. Qxb6 axb6 16. dxc4 exf4 17. Rxf4 O-O 18. Nb5 Nxb5 19. cxb5 Re8 20. h4 Nxe4
21. Bd3 Nf6 22. g4 Bb7 23. Bc4 Bxd5 24. g5 Nh5 25. Rd4 Bxc4 26. Rxd6 g6 27.
Rxb6 Nf6 28. gxf6 Reb8 29. Rxb8+ Rxb8 30. a4 Ra8 31. b6 h5 32. a5 Kf8 33. Rc1
Ba6 34. b4 Ke8 35. Re1+ Kf8 36. Re7 Bb5 37. Kf2 Rb8 38. Ke3 Rd8 39. b7 Rb8 40.
Kd4 Ba6 41. b5 Bxb5 42. Kc5 Ba6 43. Kb6 Bd3 44. a6 1-0

[Event "Tournoi Skype 021B"]
[Site "Skype"]
[Date "????.??.??"]
[Round "3.34"]
[White "Mhabdi, Mahesh"]
[Black "Tekes, Gamze"]
[Result "1-0"]
[WhiteElo "1000"]
[BlackElo "1055"]
[PlyCount "49"]

1. e4 e5 2. c4 d6 3. Nf3 f6 4. Qc2 c5 5. Nc3 Nh6 6. Qa4+ Bd7 7. Qc2 b6 8. Be2
a5 9. O-O Be7 10. Nd5 Nf5 11. exf5 e4 12. Nxe7 Qxe7 13. Nh4 Nc6 14. Re1 O-O-O
15. d3 e3 16. Bxe3 Nb4 17. Qc3 g6 18. Bg4 Rhg8 19. Bxc5 dxc5 20. Rxe7 gxf5 21.
Bxf5 Bxf5 22. Nxf5 b5 23. cxb5 Rxd3 24. Qxc5+ Kd8 25. Qc7# 1-0

[Event "Tournoi Skype 021B"]
[Site "Skype"]
[Date "????.??.??"]
[Round "3.35"]
[White "Mimouni, Driss"]
[Black "Almiron, Patricia"]
[Result "0-1"]
[WhiteElo "1000"]
[BlackElo "1000"]
[PlyCount "56"]

1. e4 a6 2. d4 g5 3. Bxg5 h6 4. Bf4 c5 5. d5 Bg7 6. Nc3 e6 7. Nf3 Nf6 8. dxe6
fxe6 9. e5 Nd5 10. Nxd5 exd5 11. Qxd5 d6 12. exd6 Bxb2 13. Rd1 Qa5+ 14. Bd2 Bc3
15. Bxc3 Qxc3+ 16. Nd2 Qxc2 17. Be2 Nc6 18. O-O Rf8 19. Bh5+ Kd8 20. f3 Rf5 21.
Rc1 Qb2 22. Qg8+ Kd7 23. Rfe1 Rxh5 24. Re7+ Nxe7 25. dxe7 Kxe7 26. Re1+ Kd6 27.
Qe8 Qxd2 28. Qxh5 Qxe1# 0-1